Vocabulario. Nivel Medio B1
Wedi'i Gadw mewn:
| Prif Awdur: | |
|---|---|
| Awduron Eraill: | , |
| Fformat: | Anhysbys |
| Cyhoeddwyd: |
España:
Anaya,
2022.
|
| Rhifyn: | 3ª edición |
| Cyfres: | Anaya ELE
|
| Pynciau: | |
| Tagiau: |
Ychwanegu Tag
Dim Tagiau, Byddwch y cyntaf i dagio'r cofnod hwn!
|
MARC
| LEADER | 00000 a2200000 4500 | ||
|---|---|---|---|
| 003 | CL-VaPUC | ||
| 005 | 20240807104104.0 | ||
| 008 | 240717t2021 ||||| |||| 00| 0 eng d | ||
| 999 | |c 443873 |d 443871 | ||
| 020 | |a 978-84-143-1578-1 | ||
| 040 | |c Pontificia Universidad Católica de Valparaíso | ||
| 082 | 7 | |2 22 |a 468.824 BAR 2021 | |
| 100 | |a Baralo Ottonello, Marta |e autora |9 889343 | ||
| 245 | |a Vocabulario. Nivel Medio B1 | ||
| 250 | |a 3ª edición | ||
| 260 | |a España: |b Anaya, |c 2022. | ||
| 300 | |a 247 páginas | ||
| 490 | |a Anaya ELE | ||
| 583 | |k Cristina María Rojas Aguilar |c 20240717 | ||
| 650 | 0 | |9 314728 |a Lengua española |v Ejercicios prácticos |x Vocabulario | |
| 650 | 0 | |9 890126 |a Spanish language |v Problems, exercises, etc |x Vocabulary | |
| 700 | |9 890180 |a Genís Pedra, Marta |e autora | ||
| 700 | |9 890181 |a Santana Rollán, María Eugenia |e autora | ||
| 942 | |2 ddc |c BK | ||
| 952 | |0 0 |1 0 |2 ddc |4 0 |6 468_824000000000000_BAR_2021 |7 0 |8 A |9 595581 |a BIBGIM |b BIBGIM |d 2024-07-12 |e 13 |g 20480.00 |i 5662221 |o 468.824 BAR 2021 |p 5662221 |r 2025-01-15 |t 1 |v 20480.00 |w 2024-07-12 |y BK |k ELE | ||